000 00860nac a22002657a 4500
001 BR8802446
003 BR-BrBNA
005 20240105120800.0
008 230509b bl.|||m| |||| 00| 0 por d
040 _aBR-BrBNA
_bpor
_cBiblioteca Nacional de Agricultura
072 _aE80
090 _a1590 BR8802446
100 1 _aFerreira, M. das S.D. de C.
100 1 _aLopes, M.N.F.
110 1 _aUniversidade Federal de Vicosa, MG (Brasil). Conselho de Extensao
_910969
245 1 _aBatata-baroa na alimentacao humana
260 3 _aVicosa, MG (Brasil):
_c1986.
300 _a12 p.
490 _aInforme Tecnico - Universidade Federal de Vicosa. Conselho de Extensao (Brazil)
_vno. 58
_x
500 _a7 ref.; 5 illus.
650 _aMANDIOQUINHA-SALSA
650 _aCULINARIA
909 _a202312
_bLúcia Elande
_c55
_dLúcia Elande
942 _2AGRIS
_n0
_cMS
999 _c281372
_d281372